000 00366 a2200109 4500
001 ART_6501
005 20260410161826.0
008 260409a
245 1 0 _aImpacto en precios del Acuerdo Unión Europea-Mercosur sobre los bienes Agroindustriales
100 1 _aCalá, Carla Daniela
773 0 _tFACES
_g- Año 9, Nº 16 (ene./abr. 2003)
_wREV5046
999 _c22769
_d22769